O burro Barnabé (Registo nº 4567)

Detalhes MARC
000 -Etiqueta do registo
Cabeçalho 00659nam0a2200229 4500
005 - Identificador da versão
Campo de controlo 20240813122105.0
021 ## - Número do Depósito Legal
Código do país PT
100 ## - Dados gerais de processamento
Dados gerais de processamento 20170203d1978 a y0pory5003 ba
102 ## - Pais de publicação ou produção
País de publicação Portugal
101 0# - Língua de publicação
Língua do texto, banda sonora, etc. Português
Língua do documento no original Inglês
215 ## - Descrição física 
Indicação específica da natureza do documento e extensão da espécie [26] p.
Outras indicações físicas il. color
200 1# - Titulo e menção de responsabilidade
Título próprio O burro Barnabé
Primeira menção de responsabilidade il. por Ferguson Dewar
225 1# - Colecção 
Título próprio da colecção Histórias por imagens
Menção de responsabilidade relativa à colecção responsável pela colecção Susan Baker
210 ## - Publicação, Distribuição, etc. 
Lugar da edição, distribuição, etc. [Lisboa]
Nome do editor, distribuidor, etc. Livros Horizonte
Data da publicação, distribuição, etc. cop. 1978
606 ## - Nome comum usado como assunto
Número de registo de entrada de autoridade 0001576
Palavra de ordem Literatura
Subdivisão de assunto Conto
Código do sistema CA
675 ## - Classificação Decimal Universal (CDU)
Notação 82-34
Edição 3ª ed.
Língua da edição por
702 #1 - Nome de autor-pessoa física (responsabilidade secundária)
Número de registo de entrada de autoridade 0001660
Palavra de ordem Dewar
Outra parte do nome não tomada para palavra de ordem Ferguson
Código de função Ilustrador / Técnico de desenho computorizado
966 ## - Identificação da Biblioteca
Sigla EBVEN
942 ## - Elementos de entrada adicionados (Koha)
Tipo de item no Koha Livro
Exemplares
Situação do levantamento Origin of item (home branch) (coded) Biblioteca de empréstimo Código de barras Cota Circulation type (not for loan) Tipo de documento Nota do exemplar Damaged status
  Biblioteca Escolar das Vendas Biblioteca Escolar das Vendas BEV68 8EST DEW   Livro Sem mensagem